00432nam a2200109Ia 4500008004100000041000800041082001600049100001600065245018300081260003900264300001900303241028s9999 xx 000 0 und d aeng a382.091 MUR aMurray W.E. aEthical Value Networks In International Trade: Social Justice, Sustainability And Provenance In The Global South Social Justice, Sustainability And Provenance In The Global South bEdward Elgar PublishingaUSAc2022 a276;. P. 22 cm